| 000 | 00000nam##2200000za#4500 |
| 001 | 9.668963 |
| 003 | CaOODSP |
| 005 | 20210929082800 |
| 007 | ta |
| 008 | 150407|2007||||xxc||||| f|0| 0 eng|d |
| 020 | |a978-0-662-69939-2 |
| 040 | |aCaOODSP|beng |
| 041 | |aeng |
| 041 | |afre |
| 043 | |an-cn--- |
| 086 | 1 |aFo149-1/2006 |
| 110 | 1 |aCanada. |bNatural Resources Canada. |bCanadian Forest Service. |
| 245 | 10|aCanadian Wood Fibre Centre - Development plan 2006-2009 / |cPublished by the Canadian Wood Fibre Centre. |
| 246 | 1 |aCWFC Development Plan |
| 260 | |aOttawa - Ontario : |bNatural Resources Canada. |c2007. |
| 300 | |aEnglish text, 30p. : |bcoloured figs., photographs ; |c28 cm. |
| 520 | 3 |aThe objectives of this plan, which spans three fiscal years from 2006 to 2009, are as follows: to provide a solid strategic foundation on which to build a research program for the Canadian Wood Fibre Centre (CWFC); to guide the structural development of the CWFC within Natural Resources Canada’s Canadian Forest Service; and to provide short-term program direction to the CWFC until the emerging directions of FPInnovations, a new public-private sector partnership, can be properly reflected in a longer-term strategic plan. |
| 563 | |aSoftcover |
| 590 | |a07-33|b2007-08-17 |
| 590 | |a07-35|b2007-08-31 |
| 690 | 07|aWoodworking industry|2gcpds |
| 776 | 0#|tCentre canadien sur la fibre de bois - Plan de développement, 2006-2009 / |w(CaOODSP)9.634361 |
| 776 | 0#|tCanadian Wood Fibre Centre - Development plan 2006-2009 / |w(CaOODSP)9.689986 |
| 792 | |tCentre canadien sur la fibre de bois - Plan de développement, 2006-2009 / |efre|w(CaOODSP)9.668964 |